000 00803nab a2200241u 4500
001 17835
003 HDC
007 c| |||a|c|aaaa
008 210224b20140625my ||||| |||| 00| 0 may d
040 _aHDC
100 _aMohd Zaky Zainuddin /
_eauthor
_97645
245 0 _aTawar sukuk domestik, global /
_cMohd Zaky Zainuddin
336 _atext
_2rdacontent
337 _acomputer
_2rdamedia
338 _aonline resource
_2rdacarrier
650 _aCentral Bank of Malaysia
_915818
650 _aCIMB Principal Asset Management
_917017
710 _aBERITA HARIAN
856 _zRequest full-text at [email protected]
942 _2lcc
942 _cNEWS
942 _kNWSC 005028
999 _c15151
_d15151